|
|
|
|
| LEADER |
00700cam a2200205 7i4500 |
| 001 |
0000039101 |
| 005 |
20110616090000.0 |
| 020 |
|
|
|a 0135063965 (pbk.)
|
| 020 |
|
|
|a 9780135063965 (pbk.)
|
| 090 |
0 |
0 |
|a PE1475
|b .P43 2011
|
| 100 |
1 |
|
|a Pfeiffer, William Sanborn
|
| 245 |
1 |
0 |
|a Pocket guide to technical communication
|c William Sanborn Pfeiffer.
|
| 250 |
|
|
|a 5th ed.
|
| 260 |
|
|
|a Upper Saddle River, N.J.:
|b Prentice Hall,
|c 2011.
|
| 300 |
|
|
|a xii, 242 p.:
|b ill.;
|c 23 cm.
|
| 650 |
0 |
0 |
|a English language --
|x Technical English
|
| 650 |
0 |
0 |
|a Technical writing
|
| 650 |
0 |
0 |
|a English language --
|x Rhetoric
|
| 997 |
|
|
|a Centre for Graduate Studies
|
| 999 |
|
|
|a 0000044958
|b BOK
|c REFERENCE
|e 2nd Floor, Shah Alam
|